50 activities for diversity training/ (Record no. 1219)

MARC details
000 -LEADER
fixed length control field 00616nam a2200205 a 4500
005 - DATE AND TIME OF LATEST TRANSACTION
control field 20260322212051.0
008 - FIXED-LENGTH DATA ELEMENTS--GENERAL INFORMATION
fixed length control field data
020 ## - INTERNATIONAL STANDARD BOOK NUMBER
International Standard Book Number 0874259800
020 ## - INTERNATIONAL STANDARD BOOK NUMBER
International Standard Book Number 9780874259803
040 ## - CATALOGING SOURCE
Original cataloging agency Borders/Amazon
090 ## - LOCALLY ASSIGNED LC-TYPE CALL NUMBER (OCLC); LOCAL CALL NUMBER (RLIN)
Classification number (OCLC) (R) ; Classification number, CALL (RLIN) (NR) HF 5549.17 L174 1994
001 - CONTROL NUMBER
control field data
100 1# - MAIN ENTRY--PERSONAL NAME
Personal name Lambert, Jonamay.
245 10 - TITLE STATEMENT
Title 50 activities for diversity training/
Statement of responsibility, etc. Jonamay Lambert & Selma Myers.
260 ## - PUBLICATION, DISTRIBUTION, ETC.
Place of publication, distribution, etc. Amherst, Mass.
Name of publisher, distributor, etc. Human Resource Development Press
Date of publication, distribution, etc. 1994
300 ## - PHYSICAL DESCRIPTION
Extent 1 v. (loose-leaf) ;
Dimensions 30 cm.
650 #4 - SUBJECT ADDED ENTRY--TOPICAL TERM
Topical term or geographic name entry element Intercultural communication.
650 02 - SUBJECT ADDED ENTRY--TOPICAL TERM
Topical term or geographic name entry element Personnel Management
Form subdivision handbooks, manuals, etc.
700 1# - ADDED ENTRY--PERSONAL NAME
Personal name Myers, Selma.
Holdings
Withdrawn status Lost status Damaged status Not for loan Home library Current library Shelving location Date acquired Total checkouts Full call number Barcode Date last seen Price effective from Koha item type
        Springfield Springfield General stacks 22/03/2026   GEN BC0011259 22/03/2026 22/03/2026 Books